| 000 | 00446nam a22001337a 4500 | ||
|---|---|---|---|
| 008 | 140910b xxu||||| |||| 00| 0 eng d | ||
| 050 | _aKE1232.A45.C36(1990 vol.3) | ||
| 245 |
_aCanadian cases on the Law of Torts: _bsecond series annotated. / _cedited by John Irvine. |
||
| 260 |
_aToronto: _bCarswell, _c1990. |
||
| 300 |
_axxxi,324p.: _c23cm. |
||
| 440 |
_pCanadian cases on the Law of Torts. _vvol.3. |
||
| 800 | _aIrvine, John. | ||
| 942 |
_2lcc _cBK |
||
| 999 |
_c4603 _d12103 |
||